Ekonomika stavebníctva

Bibliographic Details
Other Authors: Fusek, Marián (Publishing director), Kunc, Bartolomej, 1927-1996 (Publishing director), Svierčiková, Daniela (Publishing director), Plachá, Valéria (Publishing director)
Format: Journal
Language:Slovak
Czech
PhysicalDescription:26 zv. 30 cm
Published: Bratislava Slovenské vydavateľstvo technickej literatúry 1966-1991
ISSN:0013-3108
Subjects:

MARC

LEADER 00000cas a2200000 a 4500
001 vtls008883287
003 SK-MaSNL
005 20260228162131.0
008 141119d19661991xo mr|p 0 0 b0slo d
022 |a 0013-3108 
035 |a (SVKBB03)vtls000128952 
040 |a SVKBB  |b slo  |c SVKBB  |d SNK  |e AACR2 
041 0 |a slo  |a cze 
044 |a xo  |c SK 
072 7 |a 69  |x Stavebníctvo  |2 konspekt 
072 7 |a 62  |x Technika všeobecne  |2 konspekt 
080 |a 69:33  |2 2001 
080 |a 62:001.892  |2 2001 
080 |a 050  |2 2001 
080 |a 69  |2 2001 
080 |a 332.146:69  |2 2001 
080 |a (051)-027.561  |2 2001 
210 0 |a Ekon. staveb. 
222 0 |a Ekonomika stavebníctva 
245 0 0 |a Ekonomika stavebníctva 
260 |a Bratislava  |b Slovenské vydavateľstvo technickej literatúry  |c 1966-1991 
300 |a 26 zv.  |c 30 cm 
310 |a 1 x mesačne 
362 0 |a Roč. I, č. 1 (január 1966)-roč. 26, č. 12 (1991) 
500 |a Ved. red. : 1/1966-12/1969, Marián Fusek ; Šéfred. : 1/1970-4/1984, Bartolomej Kunc ; Zodp. red. : 5/1984-8/1989, Zdenka Nová ; Ved. red. : 9/1989-5/1991, Daniela Svierčiková ; 6/1991-12/1991, Valéria Plachá 
500 |a Vydavateľské inštitúcie sa menia 
500 |a Od r. 1974 podnázov: časopis so zameraním na ekonomiku odvetví stavebníctva, jej otázky a problémy 
500 |a Od r. 1980 podnázov: časopis so zameraním na ekonomiku odvetví stavebníctva 
500 |a Od č. 7/1991 podnázov: časopis pre výstavbu a stavebníctvo 
546 |a Čiast. text aj v češ. 
650 0 7 |a stavebníctvo  |2 SNKPH  |9 726 
650 0 7 |a technický rozvoj  |2 SNKPH  |9 3987 
650 0 7 |a výstavba  |2 SNKPH  |9 29373 
650 0 7 |a ekonomika stavebníctva  |2 SNKPH  |9 79300 
655 7 |a odborné časopisy  |2 SNKPH  |9 70505 
700 1 |a Fusek, Marián  |4 pbd  |9 270435 
700 1 |a Kunc, Bartolomej,  |d 1927-1996  |4 pbd  |9 39126 
700 1 |a Nová, Zdenka  |4 lso  |9 270436 
700 1 |a Svierčiková, Daniela  |4 pbd  |9 270437 
700 1 |a Plachá, Valéria  |4 pbd  |9 270438 
910 |a snk 
916 |a 1966-1991 
999 |c 6902  |d 8832 
952 |0 0  |1 0  |4 0  |7 0  |8 0  |a SNK  |b SNK  |d 1997-04-09  |f 1  |i snkČSP 3304/91  |l 0  |o snkČSB 1597/25/1990  |p 17A0059190  |r 2005-01-02 00:00:00  |t č. 1-12  |w 2026-02-21  |y PREZ 
952 |0 0  |1 0  |4 0  |7 0  |8 0  |a SNK  |b SNK  |d 1999-10-01  |f 1  |i snkČSP 885/88  |l 0  |o snkČSB 1597/22/1987  |p 17A0211395  |r 2005-01-02 00:00:00  |t č. 1-12  |w 2026-02-21  |y PREZ 
952 |0 0  |1 0  |4 0  |7 0  |a SNK  |b SNK  |d 2000-04-15  |f 1  |i snkČSP 3452/93  |l 0  |o snkČSB 1597/26/1991  |p 17A0235427  |r 2005-01-02 00:00:00  |t č. 1-12  |w 2026-02-21  |y PREZ 
952 |0 0  |1 0  |4 0  |7 0  |a SNK  |b SNK  |d 2010-02-22  |f 1  |i snkČSP 526/72  |l 0  |o snkČSB 1597/6/1971  |p 17A0648420  |r 2026-02-21 19:42:57  |t č. 1-12  |w 2026-02-21  |y PREZ 
952 |0 0  |1 0  |3 rekatalogizácia  |4 0  |7 0  |a SNK  |b SNK  |d 2006-12-11  |f 1  |i snkČSP 549/87  |l 0  |o snkČSB 1597/21/1986  |p 17A0218007  |r 2026-02-21 20:13:15  |t č. 1-12  |w 2026-02-21  |y PREZ 
952 |0 0  |1 0  |3 rekatalogizácia  |4 0  |7 0  |a SNK  |b SNK  |d 2006-12-11  |f 1  |i snkČSP 970/67  |l 0  |o snkČSB 1597/1/1966  |p 17A0527996  |r 2026-02-21 20:13:15  |t č. 1-12  |w 2026-02-21  |y PREZ 
952 |0 0  |1 0  |4 0  |7 0  |a SNK  |b SNK  |d 2012-01-25  |f 1  |i snkČSP 185/75  |l 0  |o snkČSB 1597/9/1974  |p 17A0760753  |r 2026-02-21 20:29:53  |t č. 1-12  |w 2026-02-21  |y PREZ 
952 |0 0  |1 0  |4 0  |7 0  |a SNK  |b SNK  |d 2012-09-19  |i snkČSP 550/87  |l 0  |o snkČSB 1597/21/1986 D1  |p 17A1020500  |r 2026-02-21 20:30:49  |t č. 1-12  |w 2026-02-21  |y PREZ 
952 |0 0  |1 0  |4 0  |7 0  |a SNK  |b SNK  |d 2012-09-19  |i snkČSP 886/82  |l 0  |o snkČSB 1597/22/1987 D1  |p 17A1020499  |r 2026-02-21 20:30:49  |t č. 1-12  |w 2026-02-21  |y PREZ 
952 |0 0  |1 0  |4 0  |7 0  |a SNK  |b SNK  |d 2011-10-26  |i snkČSP 549/80  |l 0  |o snkČSB 1597/14/1979 D1  |p 17A0747549  |r 2026-02-21 20:39:52  |t č. 1-12  |w 2026-02-21  |y PREZ 
952 |0 0  |1 0  |4 0  |7 0  |a SNK  |b SNK  |d 2011-10-26  |i snkČSP 125/84  |l 0  |o snkČSB 1597/18/1983 D1  |p 17A0747550  |r 2026-02-21 20:39:52  |t č. 1-12  |w 2026-02-21  |y PREZ 
952 |0 0  |1 0  |4 0  |7 0  |a SNK  |b SNK  |d 2011-10-26  |i snkČSP 151/85  |l 0  |o snkČSB 1597/19/1984 D1  |p 17A0747551  |r 2026-02-21 20:39:52  |t č. 1-12  |w 2026-02-21  |y PREZ 
952 |0 0  |1 0  |3 rekatalogizácia  |4 0  |7 0  |a SNK  |b SNK  |d 2007-04-12  |f 1  |i snkČSP 433/69  |l 0  |o snkČSB 1597/3/1968  |p 17A0542968  |r 2026-02-21 21:03:26  |t č. 1-12  |w 2026-02-21  |y PREZ 
952 |0 0  |1 0  |4 0  |7 0  |a SNK  |b SNK  |d 2014-05-14  |f 1  |i snkČSP 279/68  |l 0  |o snkČSB 1597/2/1967  |p 17A0760732  |r 2026-02-21 21:03:26  |t č. 1-12  |w 2026-02-21  |y PREZ 
952 |0 0  |1 0  |4 0  |7 0  |a SNK  |b SNK  |d 2014-05-14  |f 1  |i snkČSP 352/70  |l 0  |o snkČSB 1597/4/1969  |p 17A0760755  |r 2026-02-21 21:03:26  |t č. 1-12  |w 2026-02-21  |y PREZ 
952 |0 0  |1 0  |4 0  |7 0  |a SNK  |b SNK  |d 2014-05-14  |f 1  |i snkČSP 40/71  |l 0  |o snkČSB 1597/5/1970  |p 17A0760757  |r 2026-02-21 21:03:26  |t č. 1-12  |w 2026-02-21  |y PREZ 
952 |0 0  |1 0  |4 0  |7 0  |a SNK  |b SNK  |d 2014-05-14  |f 1  |i snkČSP 249/73  |l 0  |o snkČSB 1597/7/1972  |p 17A0760756  |r 2026-02-21 21:03:26  |t č. 1-12  |w 2026-02-21  |y PREZ 
952 |0 0  |1 0  |4 0  |7 0  |a SNK  |b SNK  |d 2014-05-14  |f 1  |i snkČSP 31/74  |l 0  |o snkČSB 1597/8/1973  |p 17A0760754  |r 2026-02-21 21:03:27  |t č. 1-12  |w 2026-02-21  |y PREZ 
952 |0 0  |1 0  |4 0  |7 0  |a SNK  |b SNK  |d 2014-05-14  |f 1  |i snkČSP 1126/76  |l 0  |o snkČSB 1597/10/1975  |p 17A0760752  |r 2026-02-21 21:03:27  |t č. 1-12  |w 2026-02-21  |y PREZ 
952 |0 0  |1 0  |4 0  |7 0  |a SNK  |b SNK  |d 2014-05-14  |f 1  |i snkČSP 367/77  |l 0  |o snkČSB 1597/11/1976  |p 17A0760703  |r 2026-02-21 21:03:27  |t č. 1-12  |w 2026-02-21  |y PREZ 
952 |0 0  |1 0  |4 0  |7 0  |a SNK  |b SNK  |d 2014-05-14  |f 1  |i snkČSP 542/77  |l 0  |o snkČSB 1597/12/1977  |p 17A0760716  |r 2026-02-21 21:03:27  |t č. 1-12  |w 2026-02-21  |y PREZ 
952 |0 0  |1 0  |4 0  |7 0  |a SNK  |b SNK  |d 2014-05-14  |f 1  |i snkČSP 992/78  |l 0  |o snkČSB 1597/12/1977  |p 17A0760704  |r 2026-02-21 21:03:27  |t č. 1-12  |w 2026-02-21  |y PREZ 
952 |0 0  |1 0  |4 0  |7 0  |a SNK  |b SNK  |d 2014-05-14  |f 1  |i snkČSP 548/80  |l 0  |o snkČSB 1597/14/1979  |p 17A0760758  |r 2026-02-21 21:03:27  |t č. 1-12  |w 2026-02-21  |y PREZ 
952 |0 0  |1 0  |4 0  |7 0  |a SNK  |b SNK  |d 2014-05-14  |f 1  |i snkČSP 194/81  |l 0  |o snkČSB 1597/15/1980  |p 17A0760701  |r 2026-02-21 21:03:27  |t č. 1-12  |w 2026-02-21  |y PREZ 
952 |0 0  |1 0  |4 0  |7 0  |a SNK  |b SNK  |d 2014-05-14  |f 1  |i snkČSP 113/82  |l 0  |o snkČSB 1597/16/1981  |p 17A0857397  |r 2026-02-21 21:03:27  |t č. 1-12  |w 2026-02-21  |y PREZ 
952 |0 0  |1 0  |4 0  |7 0  |a SNK  |b SNK  |d 2014-05-14  |f 1  |i snkČSP 134/84  |l 0  |o snkČSB 1597/18/1983   |p 17A0857566  |r 2026-02-21 21:03:27  |t č. 1-12  |w 2026-02-21  |y PREZ 
952 |0 0  |1 0  |4 0  |7 0  |a SNK  |b SNK  |d 2014-05-14  |f 1  |i snkČSP 150/85  |l 0  |o snkČSB 1597/19/1984   |p 17A0857393  |r 2026-02-21 21:03:27  |t č. 1-12  |w 2026-02-21  |y PREZ 
952 |0 0  |1 0  |4 0  |7 0  |a SNK  |b SNK  |d 2014-05-14  |f 1  |i snkČSP 937/86  |l 0  |o snkČSB 1597/20/1985   |p 17A0857462  |r 2026-02-21 21:03:27  |t č. 1-12  |w 2026-02-21  |y PREZ 
952 |0 0  |1 0  |4 0  |7 0  |a SNK  |b SNK  |d 2014-05-14  |f 1  |i snkČSP 1035/90  |l 0  |o snkČSB 1597/24/1989  |p 17A0857421  |r 2026-02-21 21:03:27  |t č. 1-12  |w 2026-02-21  |y PREZ 
952 |0 0  |1 0  |4 0  |7 0  |a SNK  |b SNK  |d 2012-06-12  |f 1  |i snkČSP 369/82  |l 0  |o snkČSB 1597/17/1982  |p 17A0857485  |r 2026-02-21 21:12:53  |t č. 1-12  |w 2026-02-21  |y PREZ 
952 |0 0  |1 0  |4 0  |7 0  |a SNK  |b SNK  |d 1998-11-17  |f 1  |i snkČSP 1543/89  |l 0  |o snkČSB 1597/23/1988  |p 17A0169145  |r 2005-01-02 00:00:00  |t č. 1-12  |w 2026-02-21  |y PREZ 
952 |0 0  |1 0  |4 0  |7 0  |a SNK  |b SNK  |d 2014-07-29  |i snkČSP 114/82  |l 0  |o snkČSB 1597/16/1981 D1  |p 17A0844008  |r 2026-02-21 21:33:10  |t č. 1-12  |w 2026-02-21  |y PREZ